|
|
|
|
| LEADER |
01406nam a2200241 a 4500 |
| 001 |
GR-MES1387 |
| 008 |
991111s1982 gr 000 0 gre d |
| 040 |
|
|
|a GrPaTEI
|b gre
|c GR-PaULI
|
| 100 |
1 |
|
|a Σακέλλης, Εμμανουήλ Ι.
|
| 245 |
1 |
0 |
|a Τιμαριθμική λογιστική :
|b Η Βραζιλιάνικη μέθοδος της "Νομισματικής Διόρθωσης".
|
| 260 |
|
|
|a Αθήνα :
|b Παπαζήσης,
|c 1982
|
| 300 |
|
|
|a 61σελ.
|
| 500 |
|
|
|a περιέχει βιβλιογραφικές αναφορές
|
| 650 |
|
4 |
|a Βραζιλία
|
| 650 |
|
4 |
|a ΚΟΣΤΟΣ
|
| 650 |
|
4 |
|a ΝΟΜΙΣΜΑΤΙΚΗ ΔΙΟΡΘΩΣΗ
|
| 650 |
|
4 |
|a ΤΙΜΑΡΙΘΜΙΚΗ ΛΟΓΙΣΤΙΚΗ
|
| 942 |
|
|
|2 ddc
|
| 952 |
|
|
|0 0
|1 0
|2 ddc
|4 0
|6 657_000000000000000_ΣΑΚ
|7 0
|9 265535
|a MSLG
|b MSLG
|c BSC
|d 2021-01-17
|e 24
|f 0
|g 0.00
|l 0
|o 657 ΣΑΚ
|p 2420000000086
|r 2021-01-17 00:00:00
|t 1
|w 2021-01-17
|y BK15
|x 19991111 0 1
|x GrPaTEI
|
| 952 |
|
|
|0 0
|1 0
|2 ddc
|4 0
|6 657_000000000000000_ΣΑΚ
|7 0
|9 265536
|a MSLG
|b MSLG
|c BSC
|d 2021-01-17
|e 24
|f 0
|g 0.00
|l 0
|o 657 ΣΑΚ
|p 2420000001622
|r 2021-01-17 00:00:00
|t 1
|w 2021-01-17
|y BK15
|x 19991111 0 1
|x GrPaTEI
|
| 952 |
|
|
|0 0
|1 0
|2 ddc
|4 0
|6 657_000000000000000_ΣΑΚ
|7 0
|9 265537
|a MSLG
|b MSLG
|c BSC
|d 2021-01-17
|e 24
|f 0
|g 0.00
|l 0
|o 657 ΣΑΚ
|p 2420000010437
|r 2021-01-17 00:00:00
|t 1
|w 2021-01-17
|y BK15
|x 19991111 0 1
|x GrPaTEI
|
| 971 |
|
|
|a .b25724290
|b 16-04-20
|c 13-09-16
|
| 999 |
|
|
|c 152641
|d 152641
|